| 000 | 00676nam a2200193 i 4500 | ||
|---|---|---|---|
| 003 | MX-MxUPN | ||
| 005 | 20260529110156.0 | ||
| 008 | 260519s2015 mx||||||r|||| 000 0 spa d | ||
| 040 |
_aMX-MxUPN _bspa _cMX-MxUPN |
||
| 041 | 0 | _aspa | |
| 050 | 1 | 4 |
_aLB2001 _bD574 2015 |
| 245 | 0 | 0 | _aDirectrices para mejorar la formación inicial de los docentes de educación básica |
| 250 | _aPrimera edición. | ||
| 260 |
_aMéxico, D.F. : _bInstituto Nacional para la Evaluación de la Educación, _c2015. |
||
| 300 | _a78 páginas | ||
| 650 | 4 |
_aMaestros de escuela primaria _xFormación profesional _zMéxico _94213 |
|
| 902 |
_aMov/190526 _bVíctor Ruiz/290526 |
||
| 942 |
_2lcc _cLIBRO _n0 |
||
| 999 |
_c215144 _d215144 |
||